000 01336nam a22002657a 4500
005 20080829101324.0
008 080829t xxu||||| |||| 00| d hin d
010 _aHIN-84128
020 _c45.00
_a8187425717
035 _aHN-56474
037 _aDBAD / PUB
040 _aDPL
_bHN
082 _a822
100 _aचेखव, अन्तोन
245 _aचेरी की बगियाः
_cअन्तोन चेखव
_b(दो नाटक) /
246 _aCherry ki Bagiyaa
_bby Anton Chekhov
260 _aलखनऊ
_bपरिकल्पना प्रकाशन
_c2006
270 _aजनचेतना, डी-68, निरालानगर
_bलखनऊ
_e226020
300 _a146पृ
_c22सेमी (अजिल्द)
500 _aइस पुस्तक में एक जिल्द में दो नाटक ' चेरी की बगिया ' ' गंगा चिल्ली' संकलित हैं
650 _aरूसी नाटक
_xहिन्दी अनुवाद
650 _aRussian drama
_xtranslations into Hindi
942 _2ddc
_cHN
_h822
_mअन्तोन
999 _c15226
_d15226